|
|
|
|
| LEADER |
01648nam a2200337 i 4500 |
| 001 |
41236 |
| 003 |
BD-DhAAL |
| 005 |
20260128112527.0 |
| 008 |
230522t2013 nyua b 001 0 eng |
| 010 |
|
|
|a 2012050267
|
| 020 |
|
|
|a 9780307266422 (hardcover)
|
| 040 |
|
|
|a DLC
|b eng
|c DLC
|e rda
|d DLC
|d BD-DhAAL
|
| 042 |
|
|
|a pcc
|
| 050 |
0 |
0 |
|a Z247
|b .B28 2013
|
| 082 |
0 |
0 |
|a 676.09
|2 23
|
| 100 |
1 |
|
|a Basbanes, Nicholas A.,
|d 1943-
|9 54308
|
| 245 |
1 |
0 |
|a On paper :
|b the everything of its two-thousand-year history /
|c Nicholas A. Basbanes.
|
| 250 |
|
|
|a First Edition.
|
| 260 |
|
|
|a New York :
|b Alfred A. Knopf,
|c 2013.
|
| 300 |
|
|
|a xvi, 430 pages :
|b illustrations ;
|c 25 cm.
|
| 500 |
|
|
|a "This is a Borzoi book"--Title page verso.
|
| 504 |
|
|
|a Includes bibliographical references (pages 403-410) and index.
|
| 505 |
0 |
|
|a Common bond -- Goddess by the stream -- Road trip -- Rags to riches -- Rolling on the river -- One and done -- Fiery consequences -- Papers, please -- Hard copy -- Metamorphosis -- Face value -- On paper -- Things unknown -- The drawing board -- Sleight of hand -- In the mold -- At the crossroads -- Elegy in fragments.
|
| 541 |
|
|
|a Donated by Akbar Ali Khan
|e 41236
|
| 650 |
|
0 |
|a Paper
|x History.
|9 54309
|
| 650 |
|
0 |
|a Papermaking
|x History.
|9 54310
|
| 650 |
|
0 |
|a Paper industry
|x History.
|9 54311
|
| 852 |
|
|
|a Ayesha Abed Library
|c Akbar Ali Khan Collection
|
| 942 |
|
|
|2 ddc
|c BK
|
| 999 |
|
|
|c 45792
|d 45792
|
| 952 |
|
|
|0 0
|1 0
|2 ddc
|4 0
|6 676_090000000000000_BAS
|7 1
|9 73671
|a BRACUL
|b BRACUL
|c AAKC
|d 2023-05-22
|e Donated by Akbar Ali Khan
|g 4280.70
|l 0
|o 676.09 BAS
|p 3010041236
|r 2023-05-22
|t 1
|v 4280.70
|w 2023-05-22
|y BK
|x $40.00 Price available in book.
|